| 000 | 00485nam a2200169Ia 4500 | ||
|---|---|---|---|
| 005 | 20240806023146.0 | ||
| 008 | 240331s9999 xx 000 0 und d | ||
| 082 |
_bJay _a379 |
||
| 100 | _aJayasuriya, J.E | ||
| 245 | 0 |
_aEducational policies and progress : _bduring British rule in Ceylon (Sri Lanka)1796-1948 |
|
| 260 |
_aColombo _bAssociated Educational Publishers _c1957-1971 |
||
| 300 | _a558 p ., | ||
| 650 | _a Political | ||
| 650 | _aSocial | ||
| 650 | _aReligion | ||
| 942 | _cL | ||
| 999 |
_c2966 _d2966 |
||